<?xml version="1.0" encoding="UTF-8"?>
<record
    xmlns:xsi="http://www.w3.org/2001/XMLSchema-instance"
    xsi:schemaLocation="http://www.loc.gov/MARC21/slim http://www.loc.gov/standards/marcxml/schema/MARC21slim.xsd"
    xmlns="http://www.loc.gov/MARC21/slim">

  <leader>00728cam a2200229 i 4500</leader>
  <controlfield tag="001">TB12310</controlfield>
  <controlfield tag="003">IN-BhIIT</controlfield>
  <controlfield tag="005">20251215103909.0</controlfield>
  <controlfield tag="008">220517s2021    ne a     b    001 0 eng d</controlfield>
  <datafield tag="020" ind1=" " ind2=" ">
    <subfield code="a">9780128160596 (pbk.)</subfield>
  </datafield>
  <datafield tag="040" ind1=" " ind2=" ">
    <subfield code="a">IN-BhIIT</subfield>
  </datafield>
  <datafield tag="041" ind1=" " ind2=" ">
    <subfield code="a">eng</subfield>
  </datafield>
  <datafield tag="082" ind1="0" ind2="4">
    <subfield code="a">551.462</subfield>
    <subfield code="b">MAR/O</subfield>
  </datafield>
  <datafield tag="100" ind1="1" ind2=" ">
    <subfield code="a">Marsh, Robert,</subfield>
    <subfield code="e">Author.</subfield>
    <subfield code="9">25750</subfield>
  </datafield>
  <datafield tag="245" ind1="1" ind2="0">
    <subfield code="a">Ocean currents :</subfield>
    <subfield code="b">physical drivers in a changing world /</subfield>
    <subfield code="c">by Robert Marsh and Erik van Sebille.</subfield>
  </datafield>
  <datafield tag="260" ind1=" " ind2=" ">
    <subfield code="a">Netherlands :</subfield>
    <subfield code="b">Candice Janco,</subfield>
    <subfield code="c">2021.</subfield>
  </datafield>
  <datafield tag="300" ind1=" " ind2=" ">
    <subfield code="a">xiv, 538 p. :</subfield>
    <subfield code="b">ill. ;</subfield>
    <subfield code="c">24 cm</subfield>
  </datafield>
  <datafield tag="504" ind1=" " ind2=" ">
    <subfield code="a">Includes bibliographical references and index.</subfield>
  </datafield>
  <datafield tag="650" ind1=" " ind2="0">
    <subfield code="a">Ocean currents.</subfield>
    <subfield code="9">2152</subfield>
  </datafield>
  <datafield tag="700" ind1="1" ind2=" ">
    <subfield code="a">Sebille, Erik van,</subfield>
    <subfield code="e">Joint author.</subfield>
    <subfield code="9">25751</subfield>
  </datafield>
  <datafield tag="942" ind1=" " ind2=" ">
    <subfield code="c">TB</subfield>
    <subfield code="0">1</subfield>
  </datafield>
  <datafield tag="999" ind1=" " ind2=" ">
    <subfield code="c">14792</subfield>
    <subfield code="d">14792</subfield>
  </datafield>
  <datafield tag="952" ind1=" " ind2=" ">
    <subfield code="0">0</subfield>
    <subfield code="1">0</subfield>
    <subfield code="2">ddc</subfield>
    <subfield code="4">0</subfield>
    <subfield code="7">0</subfield>
    <subfield code="8">SEOCS</subfield>
    <subfield code="a">CLIITBBS</subfield>
    <subfield code="b">CLIITBBS</subfield>
    <subfield code="d">2025-02-14</subfield>
    <subfield code="e">51</subfield>
    <subfield code="g">9478.32</subfield>
    <subfield code="l">0</subfield>
    <subfield code="p">TB12312</subfield>
    <subfield code="r">2025-02-14 00:00:00</subfield>
    <subfield code="v">12984.00</subfield>
    <subfield code="w">2025-02-14</subfield>
    <subfield code="y">TB</subfield>
  </datafield>
  <datafield tag="952" ind1=" " ind2=" ">
    <subfield code="0">0</subfield>
    <subfield code="1">0</subfield>
    <subfield code="2">ddc</subfield>
    <subfield code="4">0</subfield>
    <subfield code="7">0</subfield>
    <subfield code="8">SEOCS</subfield>
    <subfield code="a">CLIITBBS</subfield>
    <subfield code="b">CLIITBBS</subfield>
    <subfield code="d">2025-02-14</subfield>
    <subfield code="e">51</subfield>
    <subfield code="g">9478.32</subfield>
    <subfield code="l">0</subfield>
    <subfield code="p">TB12314</subfield>
    <subfield code="r">2025-02-14 00:00:00</subfield>
    <subfield code="v">12984.00</subfield>
    <subfield code="w">2025-02-14</subfield>
    <subfield code="y">TB</subfield>
  </datafield>
  <datafield tag="952" ind1=" " ind2=" ">
    <subfield code="0">0</subfield>
    <subfield code="1">0</subfield>
    <subfield code="2">ddc</subfield>
    <subfield code="4">0</subfield>
    <subfield code="7">0</subfield>
    <subfield code="8">SEOCS</subfield>
    <subfield code="a">CLIITBBS</subfield>
    <subfield code="b">CLIITBBS</subfield>
    <subfield code="d">2025-02-14</subfield>
    <subfield code="e">51</subfield>
    <subfield code="g">9478.32</subfield>
    <subfield code="l">0</subfield>
    <subfield code="o">551.462 MAR/O</subfield>
    <subfield code="p">TB12310</subfield>
    <subfield code="r">2025-02-14 00:00:00</subfield>
    <subfield code="v">12984.00</subfield>
    <subfield code="w">2025-02-14</subfield>
    <subfield code="y">RES</subfield>
  </datafield>
  <datafield tag="952" ind1=" " ind2=" ">
    <subfield code="0">0</subfield>
    <subfield code="1">0</subfield>
    <subfield code="2">ddc</subfield>
    <subfield code="4">0</subfield>
    <subfield code="7">0</subfield>
    <subfield code="8">SEOCS</subfield>
    <subfield code="a">CLIITBBS</subfield>
    <subfield code="b">CLIITBBS</subfield>
    <subfield code="d">2025-02-14</subfield>
    <subfield code="e">51</subfield>
    <subfield code="g">9478.32</subfield>
    <subfield code="l">0</subfield>
    <subfield code="p">TB12315</subfield>
    <subfield code="r">2025-02-14 00:00:00</subfield>
    <subfield code="v">12984.00</subfield>
    <subfield code="w">2025-02-14</subfield>
    <subfield code="y">TB</subfield>
  </datafield>
  <datafield tag="952" ind1=" " ind2=" ">
    <subfield code="0">0</subfield>
    <subfield code="1">0</subfield>
    <subfield code="2">ddc</subfield>
    <subfield code="4">0</subfield>
    <subfield code="7">0</subfield>
    <subfield code="8">SEOCS</subfield>
    <subfield code="a">CLIITBBS</subfield>
    <subfield code="b">CLIITBBS</subfield>
    <subfield code="d">2025-02-14</subfield>
    <subfield code="e">51</subfield>
    <subfield code="g">9478.32</subfield>
    <subfield code="l">1</subfield>
    <subfield code="p">TB12311</subfield>
    <subfield code="r">2026-02-24 12:15:05</subfield>
    <subfield code="s">2025-12-15</subfield>
    <subfield code="v">12984.00</subfield>
    <subfield code="w">2025-02-14</subfield>
    <subfield code="y">TB</subfield>
  </datafield>
  <datafield tag="952" ind1=" " ind2=" ">
    <subfield code="0">0</subfield>
    <subfield code="1">0</subfield>
    <subfield code="2">ddc</subfield>
    <subfield code="4">0</subfield>
    <subfield code="7">0</subfield>
    <subfield code="8">SEOCS</subfield>
    <subfield code="a">CLIITBBS</subfield>
    <subfield code="b">CLIITBBS</subfield>
    <subfield code="d">2025-02-14</subfield>
    <subfield code="e">51</subfield>
    <subfield code="g">9478.32</subfield>
    <subfield code="l">0</subfield>
    <subfield code="p">TB12313</subfield>
    <subfield code="r">2025-02-14 00:00:00</subfield>
    <subfield code="v">12984.00</subfield>
    <subfield code="w">2025-02-14</subfield>
    <subfield code="y">TB</subfield>
  </datafield>
</record>
